| 000 | 00615nab a2200157Ia 4500 | ||
|---|---|---|---|
| 003 | ES-SlBCS | ||
| 005 | 20210601131326.0 | ||
| 008 | 140529s1985 xxu||||| |||| 00| 0 fre d | ||
| 041 | _afre | ||
| 100 | 1 |
_aHenriot-Van Zanten, Agnès _9183195 |
|
| 245 | 0 | 0 |
_aUne initiation des élèves-instituteurs à la recherche et à la sociologie de l'éducation: de la théorie à la pratique _c Agnès Henriot-Van Zanten, Martine Kherroubi |
| 650 | 0 | 4 |
_aSociología de la Educación _990941 |
| 700 | 1 |
_aKherroubi, Martine _9183927 |
|
| 773 | 0 |
_tRevue Française de Pedagogie _gnº. 71, 1985, págs. 89-96 _wRev888 |
|
| 942 | _cAR | ||
| 999 |
_c561313 _d561313 |
||